Dictionary of land surveyors and local cartographers of Great Britain and Ireland 1550-1850, compiled from a variety of sources... (Record no. 95542)

MARC details
000 -LEADER
fixed length control field 00521cam a2200181 4500
001 - CONTROL NUMBER
control field D3356
008 - FIXED-LENGTH DATA ELEMENTS--GENERAL INFORMATION
fixed length control field 090401t xxu||||| |||| 00| 0 eng d
035 ## - SYSTEM CONTROL NUMBER
System control number (Sirsi) u72928
041 ## - LANGUAGE CODE
Language code of text/sound track or separate title eng
050 ## - LIBRARY OF CONGRESS CALL NUMBER
Classification number 526.9092
100 ## - MAIN ENTRY--PERSONAL NAME
Personal name Eden, Peter (ed)
245 ## - TITLE STATEMENT
Title Dictionary of land surveyors and local cartographers of Great Britain and Ireland 1550-1850, compiled from a variety of sources...
260 ## - PUBLICATION, DISTRIBUTION, ETC.
Place of publication, distribution, etc. Folkestone
Name of publisher, distributor, etc. Dawson
Date of publication, distribution, etc. 1975-76
300 ## - PHYSICAL DESCRIPTION
Extent 3 v bound together
350 ## - PRICE (NR) (BK AM CF MU VM SE) [OBSOLETE]
Price 18
942 ## - ADDED ENTRY ELEMENTS (KOHA)
Suppress in OPAC 0
948 ## - LOCAL PROCESSING INFORMATION (OCLC); SERIES PART DESIGNATOR (RLIN)
c (OCLC) 04/03/1997
Holdings
Withdrawn status Lost status Source of classification or shelving scheme Damaged status Not for loan Home library Current library Shelving location Date acquired Cost, normal purchase price Total Checkouts Full call number Barcode Date last seen Copy number Cost, replacement price Price effective from Koha item type
    Dewey Decimal Classification     London London Basement 14/09/1999 18.00   SHELF 115 30012351 06/08/2019 1 18.00 06/08/2019 Reference material